Logo Biblioteca

Emilia Bertolé : (Registro nro. 124)

Detalles MARC
000 -LEADER
fixed length control field 02743nam a22001937a 4500
003 - CONTROL NUMBER IDENTIFIER
control field OSt
005 - DATE AND TIME OF LATEST TRANSACTION
control field 20250803224215.0
008 - FIXED-LENGTH DATA ELEMENTS--GENERAL INFORMATION
fixed length control field 231017s2019 ag ||||| |||| 00| p spa d
020 ## - INTERNATIONAL STANDARD BOOK NUMBER
International Standard Book Number 9789871912940
040 ## - CATALOGING SOURCE
Transcribing agency besoc
100 1# - MAIN ENTRY--PERSONAL NAME
Personal name Bertolé, Emilia,
Dates associated with a name (1896-1949),
Relator term autor
245 ## - TITLE STATEMENT
Title Emilia Bertolé :
Remainder of title obra poética y pictórica /
Statement of responsibility, etc. Emilia Bertolé
260 ## - PUBLICATION, DISTRIBUTION, ETC.
Place of publication, distribution, etc. Rosario :
Name of publisher, distributor, etc. emr,
Date of publication, distribution, etc. 2019
300 ## - PHYSICAL DESCRIPTION
Extent 178 p.
505 ## - FORMATTED CONTENTS NOTE
Formatted contents note Vida de artista / Nora Avaro -- Obra Poética : Espejo en sombra: Perfume -- Cansancio -- Septiembre-- Atardecer -- Viaje -- Luna -- Llovizna -- Luna roja -- La noche -- Mañana clara -- Palabras -- Tarde de oro -- Cuarto -- Ocaso -- Mis manos ciertas veces -- Retrato -- Sensación -- Lluvia -- En la noche -- Insomnio -- El viejo libro -- Retrato -- Viento -- Casas -- Pasa un organito -- Lluvia -- Retrato -- Atardecer -- Viaje -- Siesta -- Ante una muerte joven -- Primavera -- El retorno -- Yogi Ramacharaka -- Poemas de los álbunes: En el tranvía -- Estación -- Tres días seguidos -- Ensueño -- Éxtasis lunar -- Yo en 1935 -- Cuaderno de tapas de cuerina: A un desconocido -- Retrato -- Viaje -- A un extranjero -- La noche -- La noche en mi terraza -- Nocturno -- Versos a la noche imposible -- Elegía de un sueño -- Pienso en ti tan lejano -- Lacerante perfume de violetas -- Siete escenas en la obra de Emilia Bertolé por Raúl D'Amelio --Galería.-
520 ## - SUMMARY, ETC.
Summary, etc. Pintora, poeta, musa de poetas, amiga de Alfonsina Storni y Horacio Quiroga, figura destacada de la bohemia porteña de los años 20 del siglo pasado, Emilia Bertolé acompañó su vida plástica con una vida de múltiples artista que contribuyeron a su celebridad. Sin embargo, tras su muerte en 1949, sus poemas, retratos e ilustraciones cayeron en el olvido o alimentaron, en el mejor de los casos, el mito de la bella artista malograda.<br/>Nuevas lecturas críticas revalorizan ahora su obra poética, íntima y expresiva, y su arte pictórico singular. En sus retratos, Bertolé extrajo de cada uno de sus modelos -familiares, amigos, políticos, figuras del mundo del espectáculo, mujeres y hombres de la sociedad porteña rosarina- "un carácter", "una respiración", un aura extraña que finalmente es su marca registrada en la historia del arte argentino.<br/>Esta edición contiene Espejo en sombra (1927), un único libro publicado en vida, una selección del resto de su poesía y una galería de retratos que integran colecciones privadas y de museos de El Trébol, Rosario, Santa Fe y Buenos Aires. Incluye además un extenso ensayo biográfico escrito por Nora Avaro, que narra por primera vez e interpreta la vida de la artista. [Nota del editor]
650 #4 - SUBJECT ADDED ENTRY--TOPICAL TERM
Topical term or geographic name entry element Literatura argentina
Form subdivision Poesía
Chronological subdivision Siglo XX
942 ## - ADDED ENTRY ELEMENTS (KOHA)
Source of classification or shelving scheme Universal Decimal Classification
Koha item type Obra General
Suppress in OPAC No
Existencias
Withdrawn status Lost status Source of classification or shelving scheme Damaged status Not for loan Collection Home library Current library Date acquired Total checkouts Full call number Barcode Date last seen Copy number Price effective from Koha item type
    Universal Decimal Classification   Dañado Colección General Biblioteca Escuela de Ciencias Sociales Biblioteca Escuela de Ciencias Sociales 23/10/2023   82-1(821.6) B546 Caja 35 000003 23/10/2023 1 23/10/2023 Obra General
Biblioteca de la Escuela Preuniversitaria en Ciencias Sociales y Humanísticas.
Riobamba 250 bis.
CP 2000 - Rosario - Santa Fe
E-Mail: biblioteca@esociales.unr.edu.ar